000 00289nam a22001337a 4500
008 170822b xxu||||| |||| 00| 0 eng d
020 _a2900321716810
041 _aeng
080 _29TH
_a51
100 _a37
101 _aMAT
245 _aCOLLEGE ALGEBRA
_cSULLIVAN,M
942 _2udc
_cBK
999 _c24434
_d24434